000 00520nam a22001817a 4500
003 CEME
005 20210628202719.0
008 210203b xxu||||| |||| 00| 0 eng d
020 _a0-471-19263-5
040 _c.
082 _a371.271 AIK
100 _aAiken, Lewis R
_961214
245 _aTests and examinations, measuring abilities and performance
260 _aNEW YORK
_bJOHN WILEY & SONS
_c1998
300 _aIX,293P
650 _aPSYCHOLOGICAL TESTS,. BILITY TESTING , PSYCHOMETRICS
_961215
942 _cBK
_2ddc
999 _c570741
_d570741